| 000 | 00629ntm a2200157 i 4500 | ||
|---|---|---|---|
| 001 | 50388 | ||
| 003 | ES-MaACL | ||
| 005 | 20230906162154.0 | ||
| 007 | t| | ||
| 008 | 190514q17001800sp ||||1| spa d | ||
| 245 | 0 | 0 |
_aMi residencia de Tortosa y el reconocimiento que hize de aquellas costas del mar... [ _hManuscrito]. |
| 260 | _c[1700-1800?] | ||
| 300 |
_a[6 p.] ; _c21 cm. |
||
| 651 | 4 |
_aTortosa- _xDescripción. _9167016 |
|
| 852 | 4 |
_aES-MaACL _jB-8924(13) _z- Legado de Federico de Botella y de Hornos _z- Encuadernado en un vol. facticio agrupado con el nombre en el lomo: España, geología, memorias y documentos varios 1 a 8 |
|
| 999 |
_c50388 _d50388 |
||